Television and sexuality (Record no. 132613)
[ view plain ]
| 000 -LEADER | |
|---|---|
| fixed length control field | 01627nam a2200349 a 4500 |
| 100 1# - MAIN ENTRY--AUTHOR NAME | |
| Personal name | Arthurs, Jane. |
| 245 10 - TITLE STATEMENT | |
| Title | Television and sexuality |
| 260 ## - PUBLICATION, DISTRIBUTION, ETC. (IMPRINT) | |
| Place of publication | Maidenhead, England : |
| Name of publisher | Open University Press, |
| Year of publication | c2004. |
| 300 ## - PHYSICAL DESCRIPTION | |
| Number of Pages | xiii, 188 p. |
| 490 1# - SERIES STATEMENT | |
| Series statement | Issues in cultural and media studies |
| 505 0# - FORMATTED CONTENTS NOTE | |
| Formatted contents note | 1. Introduction -- 2. Sexual citizenship in the digital age -- 3. Pornography and the regulation of taste -- 4. Sex scandals -- 5. The science of sex -- 6. Documenting the sex industry -- 7. Gay, lesbian and queer sexualities in UK drama -- 8. Postfeminist drama in the USA -- 9. Conclusion. |
| 650 #0 - SUBJECT ADDED ENTRY--TOPICAL TERM | |
| Topical Term | Sex on television. |
| Topical Term | Sex in popular culture. |
| 856 40 - ELECTRONIC LOCATION AND ACCESS | |
| Uniform Resource Identifier | http://site.ebrary.com/lib/rucke/Doc?id=10161357 |
No items available.
